000 00737nam a2200181Ia 4500
008 090630s9999 xx 000 0 und d
082 _b20968
100 _aजायस्वाल जयनारायण.
245 _aनिसर्गोपचार का व कसा ?.
_cजायस्वाल जयनारायण.
260 _bगोपाळ ग्रंथ - पुणे.
300 _a0
600 _aजायस्वाल जयनारायण.
630 _aनिसर्गोपचार का व कसा ?.
655 _aइतर.
700 _aजायस्वाल जयनारायण.
730 _aनिसर्गोपचार का व कसा ?.
942 _cBOOK
999 _c272824
_d272824